[Event "Golubitskaya"]
[Site "Golubitskaya"]
[Date "2017.07.22"]
[Round "2"]
[White "Tyunin, Vladislav"]
[Black "Soshnikov, Mikhail"]
[Result "1-0"]
[WhiteElo "2222"]
[BlackElo "2270"]
[PlyCount "43"]
[EventDate "2017.07.22"]
[EventType "tourn"]
[EventRounds "9"]
[EventCountry "RUS"]
[EventCategory "2"]
[SourceTitle "CBM 179 Extra"]
[Source "ChessBase"]
[SourceDate "2017.08.23"]
[SourceVersion "1"]
[SourceVersionDate "2017.08.23"]
[SourceQuality "1"]

1. e4 e5 2. Nf3 Nc6 3. Bb5 a6 4. Bxc6 dxc6 5. 0-0 Ne7 6. Nxe5 Qd4 7. Qh5 g6 8. Nf3 Qxe4 9. Qa5 Qxc2 10. Qxc7 Qd3 11. Ne5 Qd5 12. Nc3 Qe6 13. Re1 f6 14. Ne4 Nd5 15. Nxf6+ Nxf6 16. Nf3 Ne4 17. d3 Bd6 18. Qg7 Rg8 19. Qxh7 Qf7 20. Rxe4+ Be7 21. Rxe7+ Kxe7 22. Bg5+ 1-0

[Event "Suzdal Vladimir IM"]
[Site "Suzdal"]
[Date "2013.08.23"]
[Round "8"]
[White "Odnorozhenko, Evgenyi"]
[Black "Soshnikov, Mikhail"]
[Result "1/2-1/2"]
[WhiteElo "2264"]
[BlackElo "2256"]
[PlyCount "21"]
[EventDate "2013.08.15"]
[EventType "tourn"]
[EventRounds "9"]
[EventCountry "RUS"]
[EventCategory "2"]
[SourceTitle "EXT 2018"]
[Source "ChessBase"]
[SourceDate "2017.10.13"]
[SourceVersion "1"]
[SourceVersionDate "2017.10.13"]
[SourceQuality "1"]

1. d4 d5 2. Nf3 Nf6 3. c4 e6 4. Nc3 Be7 5. cxd5 exd5 6. Bg5 c6 7. Qc2 0-0 8. e3 Nbd7 9. Bd3 Re8 10. 0-0 Nf8 11. h3 1/2-1/2

[Event "Suzdal Vladimir IM"]
[Site "Suzdal"]
[Date "2013.08.21"]
[Round "6"]
[White "Terentjev, Vladislav"]
[Black "Soshnikov, Mikhail"]
[Result "1/2-1/2"]
[WhiteElo "2295"]
[BlackElo "2256"]
[PlyCount "34"]
[EventDate "2013.08.15"]
[EventType "tourn"]
[EventRounds "9"]
[EventCountry "RUS"]
[EventCategory "2"]
[SourceTitle "EXT 2018"]
[Source "ChessBase"]
[SourceDate "2017.10.13"]
[SourceVersion "1"]
[SourceVersionDate "2017.10.13"]
[SourceQuality "1"]

1. d4 d5 2. c4 c6 3. cxd5 cxd5 4. Nc3 Nf6 5. Nf3 Nc6 6. Bg5 e6 7. e3 Be7 8. Bd3 0-0 9. 0-0 h6 10. Bh4 Bd7 11. Rc1 Rc8 12. Ne5 a6 13. f4 Ne8 14. Bxe7 Nxe7 15. Qe2 f5 16. h3 Nf6 17. Nxd7 Qxd7 1/2-1/2

[Event "Suzdal Vladimir IM"]
[Site "Suzdal"]
[Date "2013.08.20"]
[Round "4"]
[White "Shariafetdinov, Albert"]
[Black "Soshnikov, Mikhail"]
[Result "1/2-1/2"]
[WhiteElo "2132"]
[BlackElo "2256"]
[PlyCount "54"]
[EventDate "2013.08.15"]
[EventType "tourn"]
[EventRounds "9"]
[EventCountry "RUS"]
[EventCategory "2"]
[SourceTitle "EXT 2018"]
[Source "ChessBase"]
[SourceDate "2017.10.13"]
[SourceVersion "1"]
[SourceVersionDate "2017.10.13"]
[SourceQuality "1"]

1. Nf3 b6 2. d4 Bb7 3. c4 e6 4. a3 f5 5. d5 exd5 6. cxd5 Nf6 7. Nc3 g6 8. h4 Bg7 9. h5 Nxh5 10. Bg5 Nf6 11. Qd2 Na6 12. b4 Qe7 13. 0-0-0 0-0-0 14. e4 fxe4 15. Nd4 h6 16. Bf4 Qf7 17. Bc4 g5 18. Bg3 Qf8 19. d6 c6 20. Qe2 Nb8 21. Nf5 Re8 22. Ne7+ Rxe7 23. dxe7 Qxe7 24. Bd6 Qd8 25. Rhe1 c5 26. b5 Bf8 27. Bg3 Rh7 1/2-1/2

[Event "Astrakhan Major Cup"]
[Site "Astrakhan"]
[Date "2010.08.25"]
[Round "5"]
[White "Soshnikov, Mikhail"]
[Black "Genov, Ilya"]
[Result "1-0"]
[WhiteElo "2282"]
[BlackElo "2134"]
[PlyCount "93"]
[EventDate "2010.08.21"]
[EventType "tourn"]
[EventRounds "11"]
[EventCountry "RUS"]
[EventCategory "2"]
[SourceTitle "EXT 2013"]
[Source "ChessBase"]
[SourceDate "2012.11.22"]
[SourceVersion "1"]
[SourceVersionDate "2012.11.22"]
[SourceQuality "1"]

1. d4 d5 2. Nf3 Nc6 3. Bf4 Bg4 4. e3 e6 5. c4 Bd6 6. Bxd6 Qxd6 7. Nc3 Nge7 8. h3 Bh5 9. Be2 dxc4 10. Bxc4 a6 11. 0-0 0-0 12. Rc1 Nd5 13. Ne4 Qd8 14. Nc5 Rb8 15. Be2 Nde7 16. Qa4 h6 17. Rfd1 Re8 18. b4 Na7 19. Qb3 Nd5 20. a4 c6 21. e4 Nf6 22. Qe3 Qe7 23. Kh1 Rbd8 24. Rg1 Nc8 25. g4 Bg6 26. Ne5 b6 27. Nxg6 fxg6 28. Nxa6 e5 29. dxe5 Qxe5 30. f3 Kh7 31. Rxc6 Ne7 32. Rc2 Ned5 33. Qf2 Nf4 34. Bf1 Rd4 35. a5 bxa5 36. b5 Nd7 37. Bg2 a4 38. Rb1 Rd8 39. Nb4 Nb8 40. Nd5 Nxd5 41. Rc5 g5 42. f4 gxf4 43. exd5 Re8 44. Qc2+ Kh8 45. Rc8 a3 46. Ra1 Rxc8 47. Qxc8+ 1-0

[Event "Komsomolsky"]
[Site "Komsomolsky"]
[Date "2009.05.15"]
[Round "3"]
[White "Soshnikov, Mikhail"]
[Black "Musalov, Ruslan"]
[Result "1/2-1/2"]
[WhiteElo "2338"]
[BlackElo "2411"]
[PlyCount "27"]
[EventDate "2009.05.15"]
[EventType "tourn"]
[EventRounds "9"]
[EventCountry "RUS"]
[SourceTitle "EXT 2022"]
[Source "ChessBase"]
[SourceDate "2021.10.06"]
[SourceVersion "1"]
[SourceVersionDate "2021.10.06"]
[SourceQuality "1"]

1. d4 d5 2. c4 e6 3. cxd5 exd5 4. Nc3 c5 5. Nf3 Nc6 6. e3 Nf6 7. Be2 Be7 8. 0-0 0-0 9. dxc5 Bxc5 10. a3 Bb6 11. b4 d4 12. exd4 Nxd4 13. Nxd4 Qxd4 14. Bb2 1/2-1/2

[Event "Gorodovikovsk Bashanta Spring"]
[Site "Gorodovikovsk"]
[Date "2009.04.20"]
[Round "9"]
[White "Osmanov, Vadim"]
[Black "Soshnikov, Mikhail"]
[Result "0-1"]
[WhiteElo "1976"]
[BlackElo "2338"]
[PlyCount "42"]
[EventDate "2009.04.20"]
[EventType "tourn"]
[EventRounds "11"]
[EventCountry "RUS"]
[SourceTitle "EXT 2022"]
[Source "ChessBase"]
[SourceDate "2021.10.06"]
[SourceVersion "1"]
[SourceVersionDate "2021.10.06"]
[SourceQuality "1"]

1. c4 b6 2. d4 e6 3. Nc3 Bb7 4. e4 Bb4 5. Bd3 f5 6. Qe2 Nf6 7. Bg5 fxe4 8. Bxe4 Nxe4 9. Bxd8 Nxc3 10. Qh5+ g6 11. Qe5 0-0 12. Kf1 Ne4 13. Nf3 Bd6 14. Qb5 Bc6 15. Qb3 Rxf3 16. Qxf3 Nd2+ 17. Ke2 Nxf3 18. gxf3 Na6 19. Bh4 Rf8 20. Rhg1 Bxh2 21. Rgf1 Bxf3+ 0-1

[Event "Astrakhan Cup"]
[Site "Astrakhan"]
[Date "2008.08.??"]
[Round "?"]
[White "Soshnikov, Mikhail"]
[Black "Lavretzkij, Roman"]
[Result "1/2-1/2"]
[WhiteElo "2407"]
[BlackElo "2346"]
[PlyCount "22"]
[EventDate "2008.08.??"]
[EventType "tourn"]
[EventRounds "11"]
[EventCountry "RUS"]
[EventCategory "3"]
[SourceTitle "EXT 2010"]
[Source "ChessBase"]
[SourceDate "2010.11.25"]
[SourceVersion "1"]
[SourceVersionDate "2010.11.25"]
[SourceQuality "1"]

1. d4 d5 2. c4 c6 3. cxd5 cxd5 4. Nc3 Nf6 5. Nf3 Nc6 6. Bf4 Bf5 7. e3 e6 8. Be2 Bd6 9. Bxd6 Qxd6 10. 0-0 0-0 11. Rc1 Rfc8 1/2-1/2

[Event "Lugansk Summer"]
[Site "Lugansk"]
[Date "2007.07.04"]
[Round "6"]
[White "Soshnikov, Mikhail"]
[Black "Kiselev, Vitaliy1111"]
[Result "1/2-1/2"]
[WhiteElo "2265"]
[BlackElo "2509"]
[PlyCount "57"]
[EventDate "2007.07.01"]
[EventType "tourn"]
[EventRounds "11"]
[EventCountry "UKR"]
[EventCategory "7"]
[SourceTitle "CBM 119 Extra"]
[Source "ChessBase"]
[SourceDate "2007.09.04"]
[SourceVersion "1"]
[SourceVersionDate "2007.09.04"]
[SourceQuality "1"]

1. d4 Nf6 2. c4 e6 3. Nc3 Bb4 4. Nf3 b6 5. Qb3 Bxc3+ 6. Qxc3 Bb7 7. e3 0-0 8. Bd3 d6 9. 0-0 Nbd7 10. b3 Qe7 11. Bb2 Rfe8 12. Nd2 e5 13. Bf5 e4 14. Bxd7 Qxd7 15. Rae1 d5 16. f4 g6 17. h3 h5 18. Kh2 c6 19. c5 b5 20. g3 a5 21. a4 b4 22. Qc1 Bc8 23. f5 gxf5 24. Rf4 Kg7 25. Ref1 Rg8 26. R1f2 Qe7 27. Qd1 Be6 28. Bc1 Kf8 29. Nf1 1/2-1/2

[Event "Bashanta Spring"]
[Site "Bashanta "]
[Date "2007.??.??"]
[Round "8"]
[White "Soshnikov, Mikhail"]
[Black "Chudakov, Yury"]
[Result "1-0"]
[WhiteElo "2269"]
[BlackElo "2055"]
[PlyCount "69"]
[EventDate "2007.03.21"]
[EventType "tourn"]
[EventRounds "9"]
[EventCountry "RUS"]
[SourceTitle "EXT 2008"]
[Source "ChessBase"]
[SourceDate "2007.11.25"]
[SourceVersion "1"]
[SourceVersionDate "2007.11.25"]
[SourceQuality "1"]

1. d4 e6 2. c4 b6 3. e4 Bb7 4. Bd3 f5 5. exf5 Bxg2 6. Qh5+ g6 7. fxg6 Bg7 8. gxh7+ Kf8 9. Ne2 Bxh1 10. Bg5 Nf6 11. Qh4 Nc6 12. Nd2 e5 13. 0-0-0 e4 14. Bxe4 Bxe4 15. Nxe4 Rxh7 16. Qf4 Kf7 17. Bxf6 Bxf6 18. Ng5+ Kg8 19. Nxh7 Kxh7 20. Qf5+ Kg8 21. d5 Ne5 22. Rg1+ Kf8 23. Qh7 Bg5+ 24. f4 Nf3 25. Qh8+ Kf7 26. Qh5+ Kf8 27. Qxf3 Bf6 28. Ng3 Qe7 29. d6 Qe8 30. Ne4 Bd4 31. Rd1 c5 32. Ng5 Qe3+ 33. Kb1 Re8 34. Qg4 Bf6 35. Qf5 1-0

[Event "Bashanta Spring"]
[Site "Bashanta "]
[Date "2007.??.??"]
[Round "1"]
[White "Soshnikov, Mikhail"]
[Black "Erendzhenov, Stanislav"]
[Result "1/2-1/2"]
[WhiteElo "2269"]
[BlackElo "2405"]
[PlyCount "27"]
[EventDate "2007.03.21"]
[EventType "tourn"]
[EventRounds "9"]
[EventCountry "RUS"]
[SourceTitle "EXT 2008"]
[Source "ChessBase"]
[SourceDate "2007.11.25"]
[SourceVersion "1"]
[SourceVersionDate "2007.11.25"]
[SourceQuality "1"]

1. d4 Nf6 2. Nf3 d5 3. e3 e6 4. Bd3 Bd6 5. 0-0 Ne4 6. c4 f5 7. c5 Be7 8. b4 Nd7 9. Bb2 0-0 10. Ne5 Nxe5 11. dxe5 Bd7 12. f3 Ng5 13. Nd2 a5 14. a3 1/2-1/2

[Event "Bashanta Spring"]
[Site "Bashanta "]
[Date "2007.??.??"]
[Round "6"]
[White "Soshnikov, Mikhail"]
[Black "Pilavov, Georgy"]
[Result "0-1"]
[WhiteElo "2269"]
[BlackElo "2536"]
[PlyCount "44"]
[EventDate "2007.03.21"]
[EventType "tourn"]
[EventRounds "9"]
[EventCountry "RUS"]
[SourceTitle "EXT 2008"]
[Source "ChessBase"]
[SourceDate "2007.11.25"]
[SourceVersion "1"]
[SourceVersionDate "2007.11.25"]
[SourceQuality "1"]

1. d4 e6 2. c4 b6 3. e4 Bb7 4. Nc3 Bb4 5. Bd3 f5 6. Qe2 Nf6 7. Bg5 fxe4 8. Bxe4 Nxe4 9. Bxd8 Nxc3 10. Qh5+ g6 11. Qe5 0-0 12. Bh4 Nc6 13. a3 Nxe5 14. axb4 Bxg2 15. dxe5 Ne4 16. f3 Bxh1 17. fxe4 Rf4 18. Bf6 Rxe4+ 19. Kd2 Rxc4 20. Nh3 Bg2 21. Nf2 Rxb4 22. Kc3 Rf4 0-1